| 000 | 02060nam0a2200385 4500 | ||
|---|---|---|---|
| 001 | RU\NLR\bibl\988006 | ||
| 005 | 20260406145353.0 | ||
| 010 |
_a5-09-015303-5 _910000 |
||
| 021 |
_aRU _b2006-48022 _92386 |
||
| 035 | _a(nilc)RSL-KNO-002919206 | ||
| 035 | _a(NLR Aleph) 000975856 | ||
| 090 |
_a428198 _c428198 |
||
| 100 | _a20060821d2006 |||y0rusy50 ca | ||
| 101 | 0 |
_arus _afre |
|
| 102 | _aRU | ||
| 105 | _aa ||||||||| | ||
| 106 | _ar | ||
| 200 | 1 |
_aТвой друг французский язык _eучебник для 4 класса общеобразовательных учреждений _fА. С. Кулигина |
|
| 205 | _a2-е изд. | ||
| 210 |
_aМосква _cПросвещение _d2006 |
||
| 215 |
_a175, [1] с. _cцв. ил. _d26 |
||
| 300 | _aОбл. на фр. яз.: Le français c'est super! 4: мéthode de français / A. Kouliguina | ||
| 512 | 1 |
_6z55790 _aLe français c'est super! _e4 _eмéthode de français |
|
| 606 | 1 |
_aФранцузский язык _jУчебники для начальной школы _91524672 _3RU\NLR\auth\66964829 |
|
| 610 | 0 | _aФилологические науки. Художественная литература -- Языкознание -- Индоевропейские языки -- Романские языки -- Галло-романские языки -- Французский язык -- Преподавание и методика изучения языка -- Учебники и учебные пособия общего характера -- Учебные пособия для начальной школы | |
| 686 |
_aШ147.11-921 _2rubbk |
||
| 686 | _aШ147.11-93рус21[4] | ||
| 700 | 1 |
_4070 _8rus _7ca _aКулигина _bА. С. _gАнтонина Степановна _3RU\NLR\auth\774608 _9114585 |
|
| 790 | 1 |
_4070 _8rus _7ba _aKuligina _bA. S. _gAntonina Stepanovna _3RU\NLR\auth\774609 _9114586 |
|
| 801 | 0 |
_aRU _bРКП _c20060821 _grcr |
|
| 801 | 1 |
_aRU _bРГБ _c20060821 |
|
| 801 | 2 |
_aRU _bNLR _c20060927 _grcr |
|
| 942 | _cBOOK | ||
| 980 | _aNB | ||